000 01090nam a22002777a 4500
001 BH35596
003 ES-SlBCS
005 20260701105254.0
008 260701b1840 sp ||||| |||| 00| 0 spa d
040 _aES-SIBCS
_bspa
041 _aspa
080 _a821.134.2Cervantes Saavedra, Miguel7don
100 1 _aCervantes Saavedra, Miguel de (
_d1547-1616)
_93934
130 _pEl Quijote de la Mancha
_926572
240 1 0 _aDon Quijote de la Mancha (1840, Madrid)
245 1 0 _aHistoria de la vida y hechos del ingenioso hidalgo Don Quijote de la Mancha
_ccompuesto por Miguel Cervantes Saavedra
250 _aUltima ed. completisima conforme al original primitivo
260 _aMadrid :
_bImprenta del Establecimiento Central,
_c1840
300 _a2 v. :
_blam. ;
_c16 cm
500 _aLams. grabadas por Miranda, Alvarez y Cobo
505 _aContiene : Tomo III (389, [3] p.).- Tomo IV (376, [2] p.
561 _aSto. Tomás (Sevilla)
700 1 _aCobo, N.,
_eil
_926574
710 2 _aImprenta del Establecimiento Central
_c(Madrid)
_926575
942 _2lcc
_cLA
999 _c18522
_d21753